| 000 | 00483nab a2200157Ia 4500 | ||
|---|---|---|---|
| 003 | ES-SlBCS | ||
| 005 | 20210601131816.0 | ||
| 008 | 140529s1971 xxu||||| |||| 00| 0 fre d | ||
| 041 | _afre | ||
| 100 | 1 |
_aSchürch, Bernard _9188940 |
|
| 245 | 0 | 0 |
_aEtapes vers Compostelle _c Bernard Schürch, Didier Helg |
| 651 | 4 |
_aSantiago de Compostela _986283 |
|
| 700 | 1 |
_aHelg, Didier _9188941 |
|
| 773 | 0 |
_tVie Spirituelle (La) _gvol. 124, nº. 583, 1971, págs. 711-715 _wRev496 |
|
| 942 | _cAR | ||
| 999 |
_c569175 _d569175 |
||